Normal view
MARC view
Entry Personal Name
001 - CONTROL NUMBER
- control field: 243895
003 - CONTROL NUMBER IDENTIFIER
- control field: OSt
005 - DATE AND TIME OF LATEST TRANSACTION
- control field: 20251104163122.0
008 - FIXED-LENGTH DATA ELEMENTS
- fixed length control field: 251104|| aca||aabn | a|a d
040 ## - CATALOGING SOURCE
- Original cataloging agency: OSt
- Transcribing agency: OSt
100 ## - HEADING--PERSONAL NAME
- Personal name: PADASHETTI (M M).
- Dates associated with a name: ಎಂ.ಎಂ. ಪಡಶೆಟ್ಟಿ
670 ## - SOURCE DATA FOUND
- Source citation: Work cat.: (OSt)114975: PADASHETTI (M M). ಎಂ.ಎಂ. ಪಡಶೆಟ್ಟಿ., Tinthini monappayya: ondu adhyayana., 1992